|
|
|
|
| LEADER |
00000nam0a2200000 4500 |
| 001 |
137033 |
| 005 |
20231031140853.0 |
| 035 |
|
|
|a (RuTPU)RU\TPU\book\148519
|
| 090 |
|
|
|a 137033
|
| 100 |
|
|
|a 20080503d1991 k y0rusy50 ca
|
| 101 |
0 |
|
|a rus
|
| 102 |
|
|
|a RU
|
| 105 |
|
|
|a a z 001zy
|
| 200 |
1 |
|
|a Геометрия и топология. 1
|e сборник
|e записки научных семинаров ЛОМИ
|h Т. 193
|f Академия наук СССР (АН СССР), Математический институт им. В. А. Стеклова (МИАН); под ред. О. Я. Виро
|
| 210 |
|
|
|a Ленинград
|c Наука
|d 1991
|
| 215 |
|
|
|a 160 с.
|c ил.
|
| 320 |
|
|
|a Библиография в конце работ.
|
| 610 |
1 |
|
|a геометрия
|
| 610 |
1 |
|
|a топология
|
| 610 |
1 |
|
|a многочлен Конвея-Джонса
|
| 610 |
1 |
|
|a квартики
|
| 610 |
1 |
|
|a классификация
|
| 610 |
1 |
|
|a кривые
|
| 610 |
1 |
|
|a сингулярные зацепления
|
| 675 |
|
|
|a 514
|v 3
|
| 675 |
|
|
|a 515.1
|v 3
|
| 702 |
|
1 |
|a Виро
|b О. Я.
|4 340
|
| 712 |
0 |
2 |
|a Академия наук СССР (АН СССР)
|b Математический институт им. В. А. Стеклова (МИАН)
|2 stltpush
|3 (RuTPU)RU\TPU\col\11336
|
| 801 |
|
1 |
|a RU
|b 63413507
|c 20080503
|g PSBO
|
| 801 |
|
2 |
|a RU
|b 63413507
|c 20081031
|g PSBO
|
| 942 |
|
|
|c BK
|